Komparácia slovenského poľnohospodárstva s EÚ a s krajinami CEFTA

Medzinárodné porovnanie v tabuľkách - konečná poľnohospodárska produkcia, rastlinná a živočíšna výroba, priemerné ročné miery rastu spotrebiteľských cien potravín a nápojov, cien poľnohospodárskych výrobcov, spotreba vybraných poľnohospodárskych výrobkov, sebestačnosť vo vybraných poľnohospodárskych...

ver descrição completa

Na minha lista:
Detalhes bibliográficos
Formato: Capítulo de Livro
Idioma:inglês
Assuntos:
Tags: Adicionar Tag
Sem tags, seja o primeiro a adicionar uma tag!

MARC

LEADER 00000naa a2200000 4500
001 r049632
005 20231004074648.7
041 0 |a eng 
044 |a SK 
245 1 0 |a Komparácia slovenského poľnohospodárstva s EÚ a s krajinami CEFTA 
520 |a Medzinárodné porovnanie v tabuľkách - konečná poľnohospodárska produkcia, rastlinná a živočíšna výroba, priemerné ročné miery rastu spotrebiteľských cien potravín a nápojov, cien poľnohospodárskych výrobcov, spotreba vybraných poľnohospodárskych výrobkov, sebestačnosť vo vybraných poľnohospodárskych výrobkoch. 
610 2 0 |a poľnohospodárstvo 
610 2 0 |a porovnanie štatistické medzinárodné 
610 2 0 |a Slovensko 
610 2 0 |a Európska únia 
610 2 0 |a CEFTA